00893nam a22002417a 450000500170000001000150001702000260003203500140005803700090007208200130008110000200009424500760011425000060019026000550019627000700025130000270032170000330034870000320038170000340041394200270044799900190047495201580049320260609145004.0 aENG-148798 a9789364442558c795.00 aEN-132330 bDBAD 23a519.5 aJaggia, Sanjiv  aEssentials of Business Statistics Using Excel/cSanjiv Jaggia...[et.al] a3 aChennaibMcGraw Hill Education India Pvt Ltdc2026 a5/90 Anjana Complex, Butt Road, St. Thomas MountbChennaie600016 a448p.c28cm(pb)bIndex aKelly, AlisoneAuthor989330 aSachan, AmiteAuthor974645 aSengupta TuhineAuthor989331 2ddccENh519.5mJAGe3 c216559d216559 001040718NFICaDBADbDBADd2026-06-09eDelivery of Books Act Divisiong795.00l0o519.5 JAGpEN-132330r2026-06-09 14:50:32t1v795.00w2026-06-09yEN